Statistics for Country groups quiz

Click here to take the quiz!

General Stats

  • This quiz has been taken 1,606 times
  • The average score is 23 of 28

Answer Stats

Hint Answer % Correct
France
95%
West Germany
94%
The four countries with 'Guinea' in their nameGuinea
94%
The seven '-stan' countriesAfghanistan
92%
Pakistan
92%
Uzbekistan
91%
Turkmenistan
91%
Guinea-Bissau
90%
Papua New Guinea
90%
Italy
89%
Equatorial Guinea
88%
The five communist countriesChina
88%
The six founding countries of the European UnionBelgium
88%
Tajikistan
87%
Kazakhstan
85%
Netherlands
83%
North Korea
83%
Kyrgyzstan
81%
Cuba
78%
Vietnam
75%
Luxembourg
75%
The country with a pentagonal flagNepal
71%
The two countries that have SultansBrunei
66%
Laos
66%
The three kingdoms of AfricaLesotho
60%
Swaziland
58%
Oman
57%
Morocco
49%

Score Distribution

Percentile by Number Answered

Percent of People with Each Score

Your Score History

You have not taken this quiz